El Crack-up / F. Scott Fitzgerald; Edmund Wilson, compilador

Recopilación de ensayos, cartas y memorias del afamado autor Francis Scott Fitzgerald, la mayoría de los relatos narran la exitosa carrera que tuvo este autor hasta la etapa final de su vida, la cual se caracterizó por situaciones estrepitosas. Fitzgerald se convirtió en un símbolo de la época del j...

Cur síos iomlán

Sábháilte in:
Sonraí bibleagrafaíochta
Príomhchruthaitheoir: Fitzgerald, F. Scott
Formáid: LEABHAR
Teanga:Undetermined
Foilsithe / Cruthaithe: Barcelona, España Bruguera 1983
Ábhair:
Clibeanna: Cuir clib leis
Níl clibeanna ann, Bí ar an gcéad duine le clib a chur leis an taifead seo!

MARC

LEADER 00000nam a2200000Ia 4500
008 170316s9999 xx 000 0 und d
040 |a cru BVZT 
090 |a 810 F-11c 
100 |a Fitzgerald, F. Scott 
245 |a El Crack-up / F. Scott Fitzgerald; Edmund Wilson, compilador 
260 |a Barcelona, España  |b Bruguera  |c 1983 
300 |a 465 páginas 
520 |a Recopilación de ensayos, cartas y memorias del afamado autor Francis Scott Fitzgerald, la mayoría de los relatos narran la exitosa carrera que tuvo este autor hasta la etapa final de su vida, la cual se caracterizó por situaciones estrepitosas. Fitzgerald se convirtió en un símbolo de la época del jazz, así como en un genio de la literatura estadounidense para las nuevas generaciones. La compilación de la obra estuvo a cargo de Edmund Wilson en 1945, para brindar una mirada más humana y sensible del recién fallecido autor. 
650 |a LITERATURA ESTADOUNIDENSE  |9 25 
650 |a EN IDIOMA ESPAÑOL 
650 |a RECOPILACIÓN DE ENSAYOS 
650 |a RECOPILACIÓN DE CARTAS 
650 |a RECOPILACIÓN DE MEMORIAS 
999 |c 5593  |d 5593 
942 |c 15 D  |h 810 F-11c  |2 z